Wake Up Dead Man: A Knives Out Mystery Quiz - Statistics

General Stats
  • This quiz has been taken 28 times
  • The average score is 12 of 16
Answer Stats
Question Answer % Correct
What is the name of the secondary protagonist, played by Josh O'Connor? Jud
100%
Who is the victim? Monsignor Jefferson Wicks
96%
Why was Jud a suspect? All of the above
92%
Why did Nat kill Samson? He wanted Eve's Apple, a jewel, to himself
92%
Why did the construction company worker Louise ask Jud to pray for her? Her mother was sick
88%
How does Martha die? Suicide by overdose
88%
How was Grace, the Harlot Whore, related to Wicks? She was his mother
85%
How does Blanc describe the church, and religion? Storytelling
85%
By who? Dr Nat Sharp
77%
How were they killed? Stabbed
73%
Which state in the US does the story take place? New York
65%
Was the film nominated for any Oscars No
62%
What song plays at the end of the film? Come On Up To The House - Tom Waits
58%
Which of the following quotes was said by Benoit Blanc? There is nothing I would rather not do.
50%
Which musical song was Blanc listening to on a cassette? Skimbleshanks the Railway Cat - Cats
46%
What are the last words spoken in the film? Welcome!
35%
No matching quizzes found
Score Distribution
Percent of People with Each Score
Percentile by Number Answered
Your Score History
You have not taken this quiz